| 000 | 00608nam a2200181 a 4500 | ||
|---|---|---|---|
| 005 | 20230419063525.0 | ||
| 008 | 991125s1988 mx 000 0 spa u | ||
| 035 | _aUPN01000003880 | ||
| 049 | _aSEP | ||
| 050 | 4 |
_aL227 D45 _bB2.2334 |
|
| 110 | 1 |
_aMéxico. _bDirección General de Educación Normal _928127 |
|
| 245 | 1 | 0 |
_aApreciación y expresión artística III : _britmos, cantos y riesgos : tercer semestre / _cDirección General de Educación Normal. |
| 260 |
_aMéxico : _bSEP, _c1988. |
||
| 300 | _a66 h. | ||
| 650 | 2 |
_aApreciación del arte _9903 |
|
| 650 | 4 |
_aCANCIONES ESCOLARES _95616 |
|
| 905 | _aLibro | ||
| 999 |
_c3880 _d3880 |
||